00425nam a22001211 4500082002500000100002400025245002900049260003100078300004100109500010400150526003700254650001200291 a030.35500973bCROcD1 aEggenberger, David.12aA dictionary of battles. aNew York,bCrowellc[1967] ax, 526 p.bplans (part col.)c26 cm. a"Covers ... the first battle of Megiddo in 1479 B.C. to the fighting in Vietnam during the 1960's." a0b0c0d030_355009730000000_CRO 0aBattles